00341nam a2200133Ia 4500008004100000041000800041082001600049100002100065245004400086250001400130260003900144300001700183365000700200240624s9999 xx 000 0 und d aeng a658.403 MAR aMARAKAS GEORGE M aDECISION SUPPORT SYSTEM IN 21ST CENTURY a(2nd ed.) c2003aNew DelhibPearson Education axxiii, : 611 cRS